Catálogo

Vista normal Vista MARC

Entrada Personal Name

Número de registros utilizados en: 1

001 - CONTROL NUMBER

  • control field: 17533

003 - CONTROL NUMBER IDENTIFIER

  • control field: DLC

005 - DATE AND TIME OF LATEST TRANSACTION

  • control field: 20250930160800.0

008 - FIXED-LENGTH DATA ELEMENTS

  • fixed length control field: 871001n| azannaabn |b aaa

010 ## - LIBRARY OF CONGRESS CONTROL NUMBER

  • LC control number: n 87839639

016 ## - NATIONAL BIBLIOGRAPHIC AGENCY CONTROL NUMBER

  • Record control number: 0073A4704E

035 ## - SYSTEM CONTROL NUMBER

  • System control number: (OCoLC)oca01953206

040 ## - CATALOGING SOURCE

  • Original cataloging agency: DLC
  • Language of cataloging: spa
  • Description conventions: rda
  • Transcribing agency: Mx-PuUPA
  • Modifying agency: DLC
  • Modifying agency: OCoLC
  • Modifying agency: DLC
  • Modifying agency: UPB
  • Modifying agency: ScU
  • Modifying agency: CaOONL
  • Modifying agency: GVaS
  • Modifying agency: FM
  • Modifying agency: Mx-PuUPA

042 ## - AUTHENTICATION CODE

  • Authentication code: nlc

046 ## - SPECIAL CODED DATES

  • Birth date: 19550408
  • Source of date scheme: edtf

053 #0 - LC CLASSIFICATION NUMBER

  • Classification number element--single number or beginning number of span: PS3561.I496

053 #4 - LC CLASSIFICATION NUMBER

  • Classification number element--single number or beginning number of span: PS3561.I549
  • Institution to which field applies: CaOONL

100 1# - HEADING--PERSONAL NAME

  • Personal name: Kingsolver, Barbara,
  • Dates associated with a name: 1955-

370 ## - ASSOCIATED PLACE

  • Place of birth: Annapolis (Maryland)
  • Place of residence/headquarters: Condado de Washington (Virginia)
  • Other associated place: Tucson (Arizona)
  • Source of term: naf

372 ## - FIELD OF ACTIVITY

  • Field of activity: Escritura
  • Field of activity: Ficción--Autoría
  • Field of activity: Literatura
  • Field of activity: Novela
  • Field of activity: No ficción creativa
  • Source of term: lcsh

373 ## - ASSOCIATED GROUP

  • Associated group: Universidad DePauw
  • Source of term: naf
  • Start period: 1973
  • End period: 1977

373 ## - ASSOCIATED GROUP

  • Associated group: Universidad de Arizona
  • Source of term: naf
  • Start period: 1980

374 ## - OCCUPATION

  • Occupation: Autor
  • Occupation: Poeta
  • Occupation: Periodista
  • Occupation: Bióloga
  • Source of term: lcsh

375 ## - GENDER

  • Gender: mujer

377 ## - ASSOCIATED LANGUAGE

  • Language code: eng

400 1# - SEE FROM TRACING--PERSONAL NAME

  • Personal name: קינגסולבר, ברברה. פז, עדית

670 ## - SOURCE DATA FOUND

  • Source citation: Her The bean trees, c1988:
  • Information found: CIP t.p. (Barbara Kingsolver) addit. pub. info (poet, journalist, biologist who lives in Tucson, Ariz.)

670 ## - SOURCE DATA FOUND

  • Source citation: Her Holding the line, c1989:
  • Information found: CIP t.p. (Barbara Kingsolver) data sheet (b. 1955)

670 ## - SOURCE DATA FOUND

  • Source citation: Barbara Kingsolver, via WWW, Jan. 15, 2013
  • Information found: (American freelance writer and author; born April 8, 1955 in Annapolis, Maryland, grew up in rural Kentucky; B.S., Biology, DePauw University, 1973-; M.S., Biology, University of Arizona; living in southwestern Virginia with her husband and family)

670 ## - SOURCE DATA FOUND

  • Source citation: Wikipedia, Jan. 15, 2013
  • Information found: (graduated, DePauw, 1977; began at University of Arizona in 1980; lives on a farm in Washington County, Virginia)

670 ## - SOURCE DATA FOUND

  • Source citation: LAC internal file, May 22, 2019
  • Information found: (heading: Kingsolver, Barbara; born April 8, 1955; American)